000 00551nam a22001697a 4500
003 PILC
005 20160204073556.0
008 160204b xxu||||| |||| 00| 0 eng d
020 _a9715141765
050 _aLC 1091
_b.P861 1991
100 _aPotenciano, Eduardo Cajalne.
245 _aBuilding better citizenry through CAT - I training /
_cEduardo Cajalne Potenciano.
260 _aQuezon City :
_bFNB Educational, Inc.,
_c1993.
300 _a241 pages :
_billustrations ;
_c25 cm.
650 _aCitizen Army Training (CAT).
942 _2lcc
_cBK
_kFIL
999 _c290461
_d290461